| 000 | 00860nam a2200241 i 4500 | ||
|---|---|---|---|
| 001 | 79544 | ||
| 003 | ES-MaACL | ||
| 005 | 20230906174012.0 | ||
| 007 | t| | ||
| 008 | 041022s1973 sp af |||| | spa d | ||
| 100 | 1 |
_aHernández de la Torre y García, José María. _962922 |
|
| 245 | 1 | 0 |
_aÁvila y el teatro / _cpor José María Hernández de la Torre y García. |
| 260 |
_aÁvila : _b[s.n., _c1973] |
||
| 300 |
_a242 p., 6 lám. ; _c24 cm. |
||
| 490 | 1 | _aTemas abulenses | |
| 594 | _aPrecede al tít.: Diputación Provincial de Ávila. Institución de Investigación y Estudios Abulenses "Gran Duque de Alba" | ||
| 650 | 4 |
_aTeatro- _zÁvila. _9150856 |
|
| 651 | 4 |
_aÁvila- _xEn la literatura. _9150857 |
|
| 710 | 2 |
_aInstitución Gran Duque de Alba. _94723 |
|
| 830 | 0 |
_aTemas abulenses _9183828 |
|
| 852 |
_aES-MaACL _jC-54838 |
||
| 999 |
_c79544 _d79544 |
||